Music Quiz

Random Music or Song Quiz

What Was That? Quiz Stats

 Plays Quiz not verified by Sporcle

Challenge
Share
Tweet
Embed
Score 0/18 Timer 06:00
0 Plays Today
Misheard Lyric True Lyric % Correct
It doesn't make a difference if we're naked or notIt doesn't make a difference if we make it or not
74.9%
Do just like a ladyDude looks like a lady
74%
I can see clearly now Lorraine has goneI can see clearly now the rain has gone
72.1%
Excuse me while I kiss this guyExcuse me while I kiss the sky
67.6%
Here we are now, in containersHere we are now, entertain us
58.4%
Dancing queen, Feel the beat from the tangerineDancing queen, Feel the beat from the tambourine
55.3%
Fill me up buttercupBuild me up buttercup
54.8%
Poppadom PeachPapa don't preach
47.9%
Should I give up, or should I just keep chasing penguinsShould I give up, or should I just keep chasing pavements
42.9%
Misheard Lyric True Lyric % Correct
Spare him his life for this one cup of teaSpare him his life from this monstrosity
30.6%
a year has passed since I broke my noseA year has passed since I wrote my note
18.3%
You're gonna be the one at Sainsbury'sYou're gonna be the one that saves me
17.8%
Jesus don't fear the reaperSeasons don't fear the reaper
17.8%
Must be talking to a ninjaMust be talking to an angel
14.2%
Steak and a knife, steak and a knifeStayin' alive, stayin' alive
13.2%
You're the wobbly oneYou're the one that I want
10.5%
Calling JamaicaCall me when you try to wake her
2.7%
Have I got a sisterHow can I resist you
1.4%

You're not logged in!

Compare scores with friends on all Sporcle quizzes.
Join for Free
OR
Log In

You Might Also Like...

Show Comments

Extras

Top Quizzes Today


Score Distribution

Your Account Isn't Verified!

In order to create a playlist on Sporcle, you need to verify the email address you used during registration. Go to your Sporcle Settings to finish the process.

Report this User

Report this user for behavior that violates our Community Guidelines.

Details: